Estudios luso-hispanos de historia del derecho = Estudos luso-hispanos de história do direito. III /

Detalles Bibliográficos
Autor Corporativo: Encuentro Hispano-Luso de Historiadores del Derecho Barcelona, Spain
Otros Autores: Capdeferro i Pla, Josep (Editor)
Formato: Electrónico Procedimiento de la Conferencia eBook
Lenguaje:español
portugués
Publicado: Madrid : Dykinson, 2024.
Colección:Historia del derecho (Universidad Carlos III de Madrid) ; 134.
Materias:
Acceso en línea:Digitalia Hispánica

MARC

LEADER 00000nam a2200000 i 4500
001 DIGDYK3691
003 NyNyDIG
007 cr |||||||||||
008 250204s2024 sp ob 100 0 spa d
006 m o d
035 |a (OCoLC)1477224116 
040 |a DGITA  |b eng  |e rda  |e pn  |c DGITA 
020 |a 9788410704862  |q electrónico 
020 |z 9788410704008 
041 0 |a spa  |a por 
043 |a e-po---  |a e-sp---  |a cl----- 
050 1 4 |a K160 ebook 
111 2 |a Encuentro Hispano-Luso de Historiadores del Derecho  |n (4th :  |d 2022 :  |c Barcelona, Spain),  |j author. 
245 1 0 |a Estudios luso-hispanos de historia del derecho =  |b Estudos luso-hispanos de história do direito.  |n III /  |c Josep Capdeferro (coordinador). 
246 3 1 |a Estudos luso-hispanos de história do direito 
264 1 |a Madrid :  |b Dykinson,  |c 2024. 
300 |a 1 online resource. 
336 |a text  |b txt  |2 rdacontent 
337 |a computer  |b c  |2 rdamedia 
338 |a online resource  |b cr  |2 rdacarrier 
347 |a text file  |2 rdaft 
347 |b PDF 
490 1 |a Historia del derecho,  |x 2255-5137 ;  |v 134 
504 |a Includes bibliographical references. 
546 |a Text in Spanish and Portuguese. 
588 0 |a Online resource; title from PDF title page (Digitalia, viewed February 4, 2025) 
650 0 |a Law  |z Spain  |x History  |v Congresses. 
650 0 |a Law  |z Portugal   |x History  |v Congresses. 
650 0 |a Law  |z Latin America  |x History  |v Congresses. 
700 1 |a Capdeferro i Pla, Josep,  |e editor. 
791 2 |a Digitalia (Firm),  |e distributor. 
793 0 |g Digitalia eBook Collection:  |a Dykinson Editorial 
776 0 8 |i Print version:  |a Encuentro Hispano-Luso de Historiadores del Derecho (4th : 2022 : Barcelona, Spain).  |t Estudios luso-hispanos de historia del derecho.  |d Madrid : Dykinson, [2024]  |z 9788410704008 
830 0 |a Historia del derecho (Universidad Carlos III de Madrid) ;  |v 134. 
856 4 0 |3 Digitalia Hispánica  |u https://www.digitaliapublishing.com/a/162595/ 
910 |a Premium collection: 2025